Challenges for nation building in a world in turmoil / (Record no. 42116)

MARC details
000 -LEADER
fixed length control field 00716nam a22001937a 4500
005 - DATE AND TIME OF LATEST TRANSACTION
control field 2010081607467.0
010 ## - LCCN (DPL NO)
LC control number ENG-100612
020 ## - INTERNATIONAL STANDARD BOOK NUMBER
International Standard Book Number 8185835519
Terms of availability 795.00
035 ## - SYSTEM CONTROL NUMBER
System control number EN-84145
037 ## - SOURCE OF ACQUISITION
Source of stock number/acquisition DBAD/PUB
082 ## - DEWEY DECIMAL CLASSIFICATION NUMBER
Classification number 954
245 ## - TITLE STATEMENT
Title Challenges for nation building in a world in turmoil /
Statement of responsibility, etc edited by Subrata Banerjee
260 ## - PUBLICATION, DISTRIBUTION, ETC. (IMPRINT)
Place of publication, distribution, etc Chandigarh
Name of publisher, distributor, etc Centre for Research in Rural and Industrial Development
Date of publication, distribution, etc 2006
270 ## - ADDRESS
Address Sector-19-A, Madhya Marg
City Chandigarh
Postal code 160019
300 ## - PHYSICAL DESCRIPTION
Extent xi,464p.
Dimensions 24cm (Hb)
490 ## - SERIES STATEMENT
Series statement Haksar Memorial Volume III
-- 13906
942 ## - ADDED ENTRY ELEMENTS (KOHA)
Source of classification or shelving scheme Dewey Decimal Classification
Item type English Books
Classification part 954
Call number suffix CHA
Holdings
Withdrawn status Lost status Not for loan Collection code Home library Current library Date acquired Source of acquisition Cost, normal purchase price Full call number Barcode Copy number Cost, replacement price Koha item type
    Not For Loan Non-fiction D.B.Act.Division D.B.Act.Division 16/08/2010 DBAD/PUB 795.00 954 CHA EN-84145 1 795.00 English Books

© Delhi Public Library
Hit Counter
free hit counter